000 00623nam a2200217 i 4500
001 84277
003 ES-MaACL
005 20230906175003.0
007 t|
008 041122s1955 sp ||||1| spa d
100 1 _aJames, Norah C.
_965975
245 1 0 _aCorredores silenciosos /
_cNorah C. James ; [traducción del inglés por Severo Rialp].
250 _a[1ª ed.].
260 _aBarcelona :
_bJano,
_c[1955] (
_fHorta)
300 _a262 p. ;
_c19 cm.
490 1 _aAliciente
700 1 _aRialp, Severo.
_996674
830 0 _aAliciente
_9183825
852 _aES-MaACL
_jC-11435
_bR.37986
999 _c84277
_d84277